000 00273nam a22001337a 4500
008 170406b xxu||||| |||| 00| 0 eng d
020 _a0805344071
041 _aeng
080 _22ND
_a575
100 _a9
101 _aSHM
245 _aIMMUNOLOGY
_cHOOD
942 _2udc
_cBK
999 _c9949
_d9949